000 00442nam a2200181Ia 4500
001 21327
005 20260306172911.0
008 260306t2019||||xx |||||||||||||| ||spa||
041 _aESP
082 _a344.528
_bA11
100 _aAbanto Vásquez, Manuel A.
_eAUT
245 0 _aEl delito de tráfico de influencias
260 _c2019
300 _a446 páginas :
_c25 cm.
650 _aGEN
654 _aCDE
942 _cLIB
_dJUS
_fJUS
_2ddc
_n
999 _c21327
_d21327